1577 1929 1585 1633 1872 1446 1237 1391 1365 1249 1325 1810 1539 1965 1455 1372 1000 1709 1476 1004 1080 1328 1519 1604 1744 1291 1016 1622 1386 1451 1665 1874 1123 1251 1924 1947 1707 1322 1995 1110 1780 1808 1503 1350 1015 1731 1624 1346 1187 1345 1854 1114 1568 1787 1363 1301 1299 1938 1539 1692 1088 1235 1028 1459 1178 1326 1096 1592 1878 1226 1275 1383 1638 1376 1608 1732 1491 1410 1549 1735 1673 1759 1502 1434 1729 1620 1188 1577 1323 1003 1020 1629 1703 1030 1907 1979 1826 1350 1088 BCNSPRNW ULIB Ver.6.0+V

เปลี่ยนเป็นภาษาไทย

Change to English
 แสดงรายละเอียดบรรณานุกรม
  กลับหน้าหลัก

Brief Record : Get Marc (ISO 2709) : E-mail record : QR code < ปิดหน้าต่าง
LEADER : 00000nam 2200000uu 4500
001    13399113263
003     ULIB
008    110627s||||||||th 000 0 tha d
020    9786167123400
090    นว.^bก423ช มปป.
100 0  กาญจนวณิช
245 00 เช็คบิลคาสโนวา/^cกาญจนวณิช
250    พิมพ์ครั้งที่ 1
260    กรุงเทพฯ :^bกรีนมายด์,^cมปป.
300    400 หน้า
710 1  กรีนมายด์
945    ^p269^l0^i028063
995    ทศพร
999 ^a ใช้งานได้ทุกระบบ
รายการนี้ยังไม่มีแท็ก
คุณยังไม่ได้ล็อกอิน คุณสามารถมีกิจกรรมร่วมกับเว็บไซต์ได้ แต่ต้องล็อกอินก่อน ::
  ล็อกอิน

รายการสื่อสารสนเทศ

ลำดับที่ ประเภท เลขเรียก/บาร์โค้ด สถานที่ สถานะ
- ไม่พบข้อมูล -

BibComment


ยังไม่เคยถูกคอมเมนท์

คอมเมนท์ทรัพยากรรายการนี้
  คอมเมนท์: เช็คบิลคาสโนวา กา..


 Copyright 2026. Bcnsprnw @Library